000 00373nam a22001697a 4500
005 20160616115214.0
008 160616b xxu||||| |||| 00| 0 eng d
020 _a81-7660-12-7
041 _aeng
082 _b7951
100 _aBhate, Vidyadhar
_92085
245 _aRisk Management
260 _bEPH
_c2004
300 _a132
650 _aManagement
_9241
942 _cBK
999 _c2920
_d2919